#1 Trouvez le pays grâce aux images - Statistiques

Statistiques générales
  • Ce quiz a été pris 255 fois
  • Le résultat moyen est 15 sur 16
Statistiques - réponses
Par images Réponse % Correct
France
100%
Italie
100%
Brésil
99%
Egypte
99%
Australie
98%
Chine
98%
ÉTATS-UNIS
97%
Russie
97%
Angleterre
96%
Grèce
96%
Inde
96%
Croatie
92%
Pérou
89%
Mexique
88%
Belgique
83%
Chili
59%
Aucun quiz correspondant
Distribution des résultats
% des personnes avec chaque résultat
Percentile par nombre de réponses
Votre historique - résultats
Vous n’avez pas pris ce quiz